UK Rap Quiz - Statistics

General Stats
  • This quiz has been taken 1,415 times
  • The average score is 7 of 15
Answer Stats
Hint Answer % Correct
His mum calls him David, girls call him... Santan
71%
The ugly man J Hus
67%
Wicked Skengman Stormzy
65%
Started a restaurant in 2018 Krept and Konan
62%
Annoyed by the crease in his AirForce DigDat
58%
The most successful from Harlem Spartans Loski
52%
Vegan MC JME
49%
From the lane AJ Tracey
45%
Brother of the above Skepta
45%
16 years old, born and raised in London Deno
36%
They make money online NSG
36%
Shh Headie One
35%
He does what he wants when he wants how he wants MoStack
35%
Black men don't cheat Hardy Caprio
33%
They hopped out the 4x4 and jumped out 1x1 Young T and Bugsey
22%
No matching quizzes found
Score Distribution
Percent of People with Each Score
Percentile by Number Answered
Your Score History
You have not taken this quiz